| 000 | 01168nam a2200301 i 4500 | ||
|---|---|---|---|
| 003 | EG-ScBUE | ||
| 005 | 20231213132641.0 | ||
| 008 | 110721s2002 u f b 000 0 ara d | ||
| 017 | _a2001 / 7488 | ||
| 020 | _a977208337X | ||
| 040 |
_aEG-ScBUE _bara _erda _cEG-ScBUE _dEG-ScBUE |
||
| 043 |
_ama----- _aar----- |
||
| 082 | 0 | 4 |
_222 _a320.956 _bح و ا |
| 100 | 1 |
_926379 _aحوات، محمد علي، _eمؤلف. |
|
| 245 | 1 | 0 |
_aمفهوم الشرق أوسطية وتأثيرها على الأمن القومي العربي / _cتأليف د. محمد علي حوات. |
| 264 | 1 |
_aالقاهرة : _bمكتبة مدبولي، _c2002. |
|
| 300 |
_a435 صفحة ؛ _c24 سم |
||
| 336 |
_2rdacontent _aنص _btxt |
||
| 337 |
_aبدون وسيط _2rdamedia _bn |
||
| 338 |
_aمجلد _bnc _2rdacarrier |
||
| 504 | _aيشتمل على إرجاعات ببليوجرافية. | ||
| 651 |
_926383 _aالشرق الأوسط _yتاريخ. _2BUEsh |
||
| 651 | 7 |
_926384 _aالشرق الأوسط _xعلاقات خارجية. _2BUEsh |
|
| 651 | 7 |
_aالشرق الأوسط _xأحوال سياسية. _2BUEsh |
|
| 653 | _cJuly2011 | ||
| 655 | _vReading book | ||
| 942 |
_2ddc _cBB |
||
| 999 |
_c15718 _d15718 |
||